Arvaa piirrettävänä olevat Amerikan valtiot - Statistics

Yleistilastot
  • Tätä visaa on pelattu 498 kertaa
  • Keskiarvotulos 7 / 16
Vastaukset kartalla
Vastauksille on annettu kartalla punavihreä väri sen mukaan, kuinka moni on saanut sen oikein.
 
Vastaustilastot
% Oikein
Meksiko
55%
Kanada
53%
Peru
51%
Venezuela
50%
Yhdysvallat
50%
Kuuba
49%
Nicaragua
49%
Panama
49%
Bolivia
48%
Guyana
48%
Chile
47%
Argentiina
46%
Paraguay
46%
Belize
43%
Jamaika
43%
Brasilia
42%
Honduras
42%
Saint Kitts ja Nevis
42%
Bahama
41%
Saint Vincent ja Grenadiinit
41%
Trinidad ja Tobago
41%
Ecuador
40%
El Salvador
40%
Kolumbia
40%
Guatemala
39%
Costa Rica
38%
Uruguay
36%
Haiti
35%
Barbados
31%
Antigua ja Barbuda
30%
Suriname
30%
Saint Lucia
27%
Grenada
26%
Dominikaaninen tasavalta
25%
Dominica
20%
Ehtoja vastaavia visoja ei löytynyt
Tulosjakauma
Jokaisen tuloksen saaneiden osuus
Persentiili vastausten määrän mukaan
Tuloshistoriasi
Et ole pelannut tätä visaa